000
00281nam a22001337a 4500
008
170505b xxu||||| |||| 00| 0 eng d
020
_a
0205125689
041
_a
eng
080
_2
4TH
_a
34
100
_a
15
101
_a
SHJ
245
_a
BUSINESS LAW
_c
FRASCONA
942
_2
udc
_c
BK
999
_c
12772
_d
12772